| 000 | 01624nam a2200361 i 4500 | ||
|---|---|---|---|
| 001 | 000046674 | ||
| 003 | DO-SdBNP | ||
| 005 | 20260115094717.0 | ||
| 007 | ta | ||
| 008 | 180315s2014 dr a 000 0 spa d | ||
| 020 | _a9789945468328 | ||
| 040 |
_aDO-SdBNP _bspa _cBNPHU _erda |
||
| 041 | _aspa | ||
| 082 | 4 |
_a923.17293 _bE77c _222 |
|
| 100 | 1 |
_aCassá, Roberto, _d1948- _eautor _910888 |
|
| 245 | 1 | 0 |
_aUlises Francisco Espaillat : _bcivilista democrático / _cRoberto Cassá ; ilustraciones José Mercader. |
| 250 | _aTercera edición | ||
| 264 |
_aSanto Domingo : _bTobogán, _bAlfa y Omega, _c2014. |
||
| 300 |
_a64 páginas : _bilustraciones ; _c23 cm. |
||
| 336 |
_ardacontent _btexto _2txt |
||
| 337 |
_ardamedia _bsin mediación _2n |
||
| 338 |
_ardacarrier _bvolumen _2nc |
||
| 490 | 0 | _aBiografías dominicanas | |
| 500 | _aIncluye datos biografícos del autor. | ||
| 500 | _aIncluye datos biografícos del ilustrador. | ||
| 505 | 0 |
_tSignificado como intelectual liberal -- _tOrígenes familiares y juventud -- _tPrimeras actividades políticas -- _tPor un sistema federal en la revolución de 1857 -- _tEminencia gris de la restauración -- _tSobre el remolino -- _tEl ideario democrático y nacional -- _tElección a la presidencia -- _tPlanes gubernamentales -- _tHostilidad de los caudillos -- _tCaída de la presidencia -- _tBibliografía. |
|
| 590 | _aInventariado, 2018 /YL | ||
| 600 | 1 | 0 |
_aEspaillat Quiñones, Ulises Francisco, _d1823-1878 _96567 |
| 651 | 7 |
_aRepública dominicana _xPolítica y gobierno _2LEMB _945 |
|
| 700 | 1 |
_aMercader, José, _eilustrador _956560 |
|
| 910 | _aYL | ||
| 942 |
_2ddc _cLBS1 |
||
| 999 |
_c46163 _d46163 |
||